000 00725nam a2200289Ia 4500
005 20260324140714.0
008 008 260324s9999 xx 000 0 eng d
020 _a9780203041239
037 _aEBOOK
040 _aCRL
040 _beng
040 _cCRL
041 _2eng
041 _aeng
084 _qCRL
100 _aMario Carretero; James Voss
_91205418
245 0 _aInternational Review of History Education
245 0 _bInternational Review of History Education, Volume 2
260 _bTaylor and Francis
260 _c1998
365 _a
365 _b220
856 _uhttp://www.taylorfrancis.com/books/9780203041239
942 _cEBOOK
999 _c1807758
_d1807758